00470nam a2200181Ia 450000500170000000800410001702000180005804100080007608200150008410000140009924500450011326000450015830000090020344000060021250000280021865000280024670000140027420251121201419.0230125s9999 xx 000 0 und d a9780199459742 aeng a158.1bMIT aMitra B K aPersonality Development And Soft Skills. c2017bOxford University PressaNew Delhi a256p v5 aPersonality Development aPersonality Development aMitra B K